Statystyki dla Quiz o Madagaskarze

Kliknij tutaj aby rozwiązać quiz!

Ogólne statystyki

  • Ten quiz został rozwiązany 1 084 razy
  • Średni wynik to 9 z 17

Statystyki odpowiedzi

WskazówkaOdpowiedź% Poprawnych
Wyspy większe niż MadagaskarGrenlandia
88%
StolicaAntananarywa
84%
Oficjalny językifrancuski
83%
Najbliższy kontynentalny kraj afrykańskiMozambik
81%
Słynne drzewa o grubych pniachBaobab
79%
Państwo wyspiarskie między Madagaskarem a powyższym państwemKomory
78%
Rodzina naczelnych występująca tylko na MadagaskarzeLemury
71%
Co zaskakujące, pierwotni osadnicy z
Madagaskaru nie pochodzili z Afryki,
ale zamiast tego wypłynęli z tego
kraju leżącego w południowo-wschodniej Azji
Indonezja
68%
Wyspy większe niż MadagaskarBorneo
54%
90% gatunków roślin i zwierząt Madagaskaru to _____,
co oznacza, że ​​nie można ich znaleźć nigdzie indziej
Endemity
44%
Największy eksport z Madagaskaru - kluczowy składnik niektórych lodówWanilia
41%
Madagaskar odpowiada za 50% światowej
produkcji tych niebieskich kamieni
Szafiry
38%
Wyspy większe niż MadagaskarNowa Gwinea
37%
Oficjalny językimalgaski
28%
Nazwa "Madagaskar” została prawdopodobnie wymyślona
przez tego XIII-wiecznego włoskiego
odkrywcę, który pomylił wyspę
z miastem Mogadiszu
Marco Polo
24%
Narodowy sport MadagaskaruRugby
23%
Gigantyczny ptak, który ważył pięć razy więcej niż struś
(doprowadzony do wyginięcia do 1200 rne)
Mamutak
13%

Rozkład punktacji

Percentyl według liczby udzielonych odpowiedzi

Procent ludzi z każdym wynikiem

Twoja historia wyników

Nie rozwiązałeś tego quizu